[Event "2013 PHCC Championships"]
[Site "Port Huron, MI"]
[Date "2013.01.31"]
[Round "3"]
[White "Jones, G. Avery"]
[Black "Morabito, Matthew"]
[Result "1-0"]
[WhiteElo "1557"]
[BlackElo "1698"]
[Annotator "Lon Rutkofske/Fritz 12"]
[PlyCount "57"]
[EventDate "2013.01.31"]
[EventType "tourn"]
[EventRounds "15"]

1. d4 Nf6 2. Nf3 {[It is interesting to note, that ever since Bob Wilson played reqularly at the PHCC in the 1970's has the Pirc been played in Championships tournaments, and here on the very same day, it is played twice.]} g6 3. Nc3 Bg7 4. e4 d6 5. Bg5 {[Fritz pretty much give White a slight edge. Since the Pirc is a rather passive opening, it is essential that Black look for opportunities to counter-attack. Most of the time, it appears that Black's plan is to undermine the White center by inviting him to advance his central pawns.]} O-O 6. Bd3 Bg4 7. O-O Nc6 8. Be2 Nd7 (8... h6 {Fritz 12:} 9. Bxf6 Bxf6 10. Nd5 e6 11. Nxf6+ Qxf6 12. c3 a5 13. Qd2 Bxf3 14. Bxf3 Kg7 15. Qd3 Rfe8 16. Rfe1 Ra6 17. e5 dxe5 18. Bxc6 {[%eval 26,16]}) 9. Be3 {Diagram } e5 ({Fritz 12:} 9... Re8 10. d5 Bxf3 11. Bxf3 Nce5 12. Be2 Nb6 13. Rb1 Nec4 14. Bxb6 Nxb6 15. Bb5 Nd7 16. Qd2 e6 17. dxe6 {[%eval 51,14]}) 10. d5 Ne7 11. h3 Bxf3 12. Bxf3 f5 {Diagram [At this point, it appears that Black is going to be successful in breaking up the White central pawns and freeing his position.]} 13. Bg5 f4 ({Fritz 12:} 13... Nf6 14. Qd3 Qd7 15. Qc4 fxe4 16. Nxe4 Nf5 17. Bxf6 Bxf6 18. Bg4 Bh4 19. g3 Be7 {[%eval 74,16]}) 14. Nb5 ({Fritz 12: 1)} 14. Qe2 h6 15. Bxe7 Qxe7 16. Qc4 Nb6 17. Qd3 a5 18. a3 Bf6 19. Bg4 Nd7 20. b4 Kg7 21. Nb5 h5 22. Be6 {[%eval 73,16]}) ({Fritz 12: 2)} 14. h4 h6 15. Bxe7 Qxe7 16. h5 g5 17. Bg4 a5 18. Qd3 Nc5 19. Qc4 Rfe8 20. Rfe1 Qf7 21. Na4 Nxa4 22. Qxa4 Bf6 {[%eval 71,16]}) ({Fritz 12: 3)} 14. Qd3 h6 15. Bxe7 Qxe7 16. Qb5 Nf6 17. Rfe1 Rab8 18. Rad1 a6 19. Qc4 Qd7 20. Rd2 Rfe8 21. Rdd1 {[%eval 69,16]}) 14... Nf6 15. c4 a6 16. Nc3 {Diagram  [Actually, White has done an exceptional job of strengthening his center and will eventually trade his black squared Bishop for one of the Knights...and it such a closed position, it appears that his White squared bishop will have the free reign behind the Q-side pawn chain. Black is still struggling to open up the position.]} Kh8 $2 {[A rather mysterious tempo waster.I would think that a better choice might be 16...Qb8.]} ({Fritz 12:} 16... h6 17. Bxf6 Bxf6 18. Qb3 Rb8 19. Rad1 h5 20. Rfe1 Kg7 21. Rd2 Qd7 22. Rc1 Ra8 23. Rd3 c6 24. c5 dxc5 25. d6 Rh8 {[%eval 91,18]}) 17. a3 h6 18. Bxf6 Rxf6 $2 ({Fritz 12:} 18... Bxf6 19. Qb3 Rb8 20. Rad1 h5 21. Rfe1 Kg7 22. Qb4 c6 23. Rd2 Qd7 24. Rc1 Rfc8 25. Qb6 cxd5 {[%eval 93,15]}) 19. b4 {Diagram  [Black's 18th move seems to be a mistake, because it appears his K-side attack will be too little, too late, and he is very weak on the critical White squares.]} c6 20. Rc1 b5 {[To me, this is a critical error, because now he has two pieces completely out of play on f6 and g7.]} ({Fritz 12: 1)} 20... b6 21. Qd3 a5 22. h4 h5 23. Be2 axb4 24. axb4 Rf8 25. Ra1 cxd5 26. Nxd5 Nxd5 27. Qxd5 Kh7 28. Qb7 Rb8 29. Qc6 Qxh4 {[%eval 124,15]}) ({Fritz 12: 2)} 20... a5 21. c5 axb4 22. axb4 Rf8 23. Qd3 cxd5 24. exd5 Ra3 25. Qc4 Nf5 26. c6 Nd4 27. cxb7 Qd7 {[%eval 126,15]}) ({Fritz 12: 3)} 20... Kh7 21. c5 a5 22. Qd3 Rf7 23. Rfe1 cxd5 24. exd5 axb4 25. axb4 Ra3 26. Qc4 Nf5 27. Nb5 Ra4 28. Ra1 Ra6 {[%eval 133,15]}) 21. cxb5 axb5 22. dxc6 Rxa3 {Diagram  [The critical error, that costs Black the game.]} 23. c7 $3 ({Fritz 12:} 23. c7 Qc8 24. Bg4 Qxc7 25. Nxb5 Qb7 26. Nxa3 Qxe4 27. Rc7 Nf5 28. Nc4 Nh4 29. f3 Qd4+ 30. Qxd4 exd4 31. Re1 d5 {[%eval 658,19]}) 23... Qa8 24. Nd5 Nc8 25. Nxf6 Bxf6 26. Bg4 {[Avery does a nice job of punishing Matt for developing his R to f6! and finishes off the game nicely.]} Be7 27. Qd5 Qxd5 28. exd5 Ra8 29. Ra1 1-0

[Event "2013 PHCC Championships"]
[Site "Port Huron, MI"]
[Date "2013.04.11"]
[Round "3"]
[White "Kulkarni, Atul"]
[Black "Broyles, Thomas"]
[Result "0-1"]
[WhiteElo "1548"]
[BlackElo "1736"]
[PlyCount "26"]
[EventDate "2013.04.11"]
[EventType "tourn"]
[EventRounds "15"]

1. e4 e5 2. Nf3 Nc6 3. Bb5 a6 4. Ba4 Nf6 5. d3 Bc5 6. h3 O-O 7. Bxc6 dxc6 8. Nxe5 Qd4 9. O-O Qxe5 10. Nd2 Bxh3 11. Nf3 Qg3 12. Ne1 Ng4 13. Qe2 Qh2# 0-1

[Event "2013 PHCC Championships"]
[Site "Port Huron, MI"]
[Date "2013.01.31"]
[Round "3"]
[White "Mariani, Gino"]
[Black "Wilkinson, Stewart"]
[Result "0-1"]
[WhiteElo "1400"]
[BlackElo "1865"]
[PlyCount "60"]
[EventDate "2013.01.31"]
[EventType "tourn"]
[EventRounds "15"]

1. e4 e6 2. d4 d5 3. e5 c5 4. c3 Nc6 5. Bb5 Bd7 6. Nf3 Nxe5 7. Bxd7+ Nxd7 8. Qb3 Qc7 9. Be3 c4 10. Qd1 Ngf6 11. Nbd2 Bd6 12. Qe2 O-O 13. O-O h6 14. Rfb1 Ng4 15. Nf1 Nxe3 16. fxe3 Nf6 17. b3 Ne4 18. Qc2 b5 19. b4 f5 20. a4 a6 21. Ne5 Bxe5 22. dxe5 Qxe5 23. Ra3 bxa4 24. Rba1 Rab8 25. Nd2 Nd6 26. Nf1 Nb5 27. Rxa4 Qxc3 28. Qxc3 Nxc3 29. Rxa6 Rfe8 30. Rc1 Ne2+ 0-1

[Event "2013 PHCC Championships"]
[Site "Port Huron. MI"]
[Date "2013.01.31"]
[Round "3"]
[White "Wingrove, William"]
[Black "Nowiski, Adam"]
[Result "1-0"]
[WhiteElo "1664"]
[BlackElo "900"]
[PlyCount "31"]
[EventDate "2013.01.31"]
[EventType "tourn"]
[EventRounds "15"]

1. e4 e5 2. Nf3 Nc6 3. Bb5 Bc5 4. O-O Nf6 5. Nc3 O-O 6. h3 a6 7. Ba4 b6 8. d3 Bb7 9. Bg5 Qe8 10. Bxf6 gxf6 11. Nd5 Qe6 12. Nxc7 Qd6 13. Nxa8 Bxa8 14. Nh4 b5 15. Nf5 Qe6 16. Qg4+ 1-0

[Event "2013 PHCC Championships"]
[Site "Port Huron, MI"]
[Date "2013.04.20"]
[Round "4"]
[White "Broyles, Thomas"]
[Black "Jones, G. Avery"]
[Result "0-1"]
[WhiteElo "1736"]
[BlackElo "1557"]
[PlyCount "78"]
[EventDate "2013.04.20"]
[EventType "tourn"]
[EventRounds "15"]

1. e4 c6 2. d4 d5 3. exd5 cxd5 4. Nf3 Nc6 5. Be2 Nf6 6. O-O g6 7. c3 Bg7 8. Be3 O-O 9. Nbd2 Ng4 10. Ne1 Nxe3 11. fxe3 Bh6 12. Nc2 Bf5 13. Rxf5 gxf5 14. Bd3 e6 15. Qh5 Qg5 16. Qe2 Qg4 17. Qf2 Bg7 18. Rf1 Ne7 19. h3 Qg5 20. Nf3 Qh6 21. Kh2 Ng6 22. Qg3 Bf6 23. Qd6 Rfd8 24. Qc7 Rab8 25. g3 Qf8 26. Rg1 Qd6 27. Qa5 Qb6 28. Qxb6 axb6 29. c4 dxc4 30. Bxc4 Kh8 31. b3 Ne7 32. Rd1 Nd5 33. Rd3 Rbc8 34. Nfe1 Be7 35. a3 Nf6 36. Kg2 Ne4 37. Kf3 Nd6 38. a4 Nxc4 39. bxc4 Rxc4 0-1

[Event "2013 PHCC Championships"]
[Site "Port  Huron, MI"]
[Date "2013.02.07"]
[Round "4"]
[White "Fiedler, Robert"]
[Black "Wingrove, William"]
[Result "0-1"]
[WhiteElo "1688"]
[BlackElo "1664"]
[PlyCount "66"]
[EventDate "2013.02.07"]
[EventType "tourn"]
[EventRounds "15"]

1. d4 Nf6 2. c4 g6 3. Nc3 d5 4. Bg5 Ne4 5. Nxe4 dxe4 6. e3 Bg7 7. f3 exf3 8. Nxf3 c5 9. Rb1 Bg4 10. Qa4+ Nd7 11. Be2 O-O 12. O-O h6 13. Bh4 Nb6 14. Qc2 cxd4 15. Nxd4 Bxd4 16. exd4 Bxe2 17. Qxe2 Qxd4+ 18. Kh1 Qxh4 19. b3 e6 20. Qc2 Qe7 21. Rf3 Nd7 22. Rbf1 f5 23. Qd2 Qg7 24. h4 Nf6 25. Qe3 Rfe8 26. h5 Nxh5 27. Rh3 Rad8 28. Rg1 Rd4 29. Qf3 Red8 30. g4 Rxg4 31. Rxg4 fxg4 32. Qxg4 Qa1+ 33. Qg1 Rd1 0-1

[Event "2013 PHCC Championships"]
[Site "Port Huron, MI"]
[Date "2013.03.16"]
[Round "4"]
[White "Gregg, Alan"]
[Black "Mariani, Gino"]
[Result "1-0"]
[WhiteElo "1950"]
[BlackElo "1400"]
[PlyCount "67"]
[EventDate "2013.03.16"]
[EventType "tourn"]
[EventRounds "15"]

1. c4 c5 2. g3 Nc6 3. Bg2 e5 4. Nc3 Nf6 5. d3 Be7 6. Nf3 d5 7. cxd5 Nxd5 8. O-O Be6 9. Bd2 Nd4 10. Nxe5 f6 11. Nf3 Nxf3+ 12. Bxf3 O-O 13. Bg2 a6 14. Rc1 b6 15. b3 Qd7 16. Re1 Rab8 17. Qc2 b5 18. Nxd5 Bxd5 19. e4 Be6 20. Be3 Rfc8 21. Red1 Bh3 22. f3 Bxg2 23. Kxg2 Qa7 $4 24. b4 Qb7 25. bxc5 Rc6 26. d4 Rbc8 27. d5 Rxc5 28. Bxc5 Bxc5 29. d6 Kf7 30. d7 Rd8 31. Qxc5 Rxd7 32. Rxd7+ Qxd7 33. Qd5+ Qxd5 34. exd5 1-0

[Event "2013 PHCC Championships"]
[Site "Port Huron, MI"]
[Date "2013.03.28"]
[Round "4"]
[White "Morabito, Matthew"]
[Black "Bedy, Noel"]
[Result "1-0"]
[WhiteElo "1698"]
[BlackElo "1618"]
[PlyCount "49"]
[EventDate "2013.03.28"]
[EventType "tourn"]
[EventRounds "15"]

1. Nf3 Nf6 2. g3 b6 3. Bg2 Bb7 4. O-O e6 5. c4 d5 6. cxd5 Nxd5 7. d3 Be7 8. Bd2 c5 9. Nc3 O-O 10. a3 Nd7 11. d4 Nxc3 12. Bxc3 Bf6 13. Rc1 Rc8 14. dxc5 Bxc3 15. Rxc3 Rxc5 16. Rd3 Rd5 17. Nd4 Ba6 18. Bxd5 Bxd3 19. Nxe6 fxe6 20. Bxe6+ Kh8 21. Qxd3 Nc5 22. Qxd8 Rxd8 23. Bg4 Rd2 24. b4 Ne4 25. Rc1 1-0

[Event "2013 PHCC Championships"]
[Site "Port Huron, MI"]
[Date "2013.02.07"]
[Round "4"]
[White "Nowiski, Adam"]
[Black "Allen, Nathan"]
[Result "0-1"]
[WhiteElo "900"]
[BlackElo "900"]
[PlyCount "126"]
[EventDate "2013.02.07"]
[EventType "tourn"]
[EventRounds "15"]

1. e4 e5 2. Nf3 Nf6 3. Nc3 d5 4. exd5 Ng4 5. Bb5+ c6 6. dxc6 bxc6 7. Bc4 Bc5 8. O-O O-O 9. Nxe5 Nxe5 10. Be2 Qh4 11. d4 Bxd4 12. g3 Qh3 13. Qxd4 Ned7 14. Bg4 c5 15. Qf4 Qh6 16. Qxh6 gxh6 17. Bf3 Nc6 18. Bxc6 Rb8 19. Bxh6 Re8 20. Bf4 Rb6 21. Ba4 Rxb2 22. Bb3 c4 23. Bxc4 Rxc2 24. Rac1 Rb2 25. Rb1 Rb6 26. Be3 Rc6 27. Rb4 Ne5 28. Bxa7 Nxc4 29. Nd5 Re2 30. Ra4 Nd2 31. Rb1 Nxb1 32. Rb4 Re1+ 33. Kg2 Nd2 34. Rb2 Nc4 35. Rc2 Bf5 36. Rc3 Be4+ 37. Kh3 Bxd5 38. Rb3 Rh6+ 39. Kg4 Ne5+ 40. Kf5 Bxb3 41. axb3 Nf3 42. h4 Re5+ 43. Kf4 Ra5 44. Be3 Ne5 45. Ke4 Rc6 46. Bd2 Rb5 47. b4 Rc4+ 48. Ke3 Ng4+ 49. Kd3 Ne5+ 50. Ke3 Rc2 51. f4 Nc4+ 52. Kd3 Rxd2+ 53. Kxc4 Rdd5 54. Kc3 Kf8 55. g4 Ke7 56. f5 Kf6 57. h5 Kg5 58. f6 Kxg4 59. h6 Rf5 60. Kc4 Rb8 61. Kb3 Rxf6 62. Kc4 Rxh6 63. b5 f5 0-1

[Event "2013 PHCC Championships"]
[Site "Port Huron, MI"]
[Date "2013.02.07"]
[Round "4"]
[White "Rutkofske, Lonnie"]
[Black "Kulkarni, Atul"]
[Result "1-0"]
[WhiteElo "1858"]
[BlackElo "1548"]
[PlyCount "41"]
[EventDate "2013.02.07"]
[EventType "tourn"]
[EventRounds "15"]

1. c4 d6 2. Nc3 Nf6 3. g3 d5 4. cxd5 Nxd5 5. Bg2 e6 6. Nf3 Qf6 7. O-O Bd6 8. Ne4 Qd8 9. b3 f5 10. Nxd6+ Qxd6 11. Bb2 Qe7 12. Rc1 Nc6 13. Ne5 Nxe5 14. Bxe5 c6 15. d3 Nf6 16. Rxc6 Bd7 17. Rc7 Nd5 18. Rxb7 Qd8 19. e4 Bc6 20. Rxg7 fxe4 21. Qh5+ 1-0

[Event "2013 PHCC Championships"]
[Site "Port Huron, MI"]
[Date "2013.02.07"]
[Round "4"]
[White "Wilkinson, Stewart"]
[Black "Boucher, David"]
[Result "1-0"]
[WhiteElo "1865"]
[BlackElo "1439"]
[PlyCount "39"]
[EventDate "2013.02.07"]
[EventType "tourn"]
[EventRounds "15"]

1. e4 e6 2. d4 d5 3. Nd2 c5 4. exd5 Qxd5 5. Ngf3 Nc6 6. Bc4 Qd6 7. Ne4 Qd8 8. Be3 cxd4 9. Nxd4 Nxd4 10. Bxd4 Bd7 11. O-O Rc8 12. Bb3 b6 13. Qe2 Nh6 14. Rad1 Nf5 15. Bc3 Qc7 16. Rxd7 Qxd7 17. Rd1 Qc6 18. Qa6 Rd8 19. Re1 Qxe4 20. Rxe4 $4 1-0

[Event "2013 PHCC Championships"]
[Site "St. Clair, MI"]
[Date "2013.02.15"]
[Round "5"]
[White "Bedy, Noel"]
[Black "Broyles, Thomas"]
[Result "1-0"]
[WhiteElo "1618"]
[BlackElo "1736"]
[PlyCount "127"]
[EventDate "2013.02.14"]
[EventType "tourn"]
[EventRounds "15"]

1. d4 d5 2. Nf3 Nf6 3. e3 e6 4. Nbd2 Bd6 5. Bd3 O-O 6. Ne5 Nbd7 7. f4 g6 8. Qf3 Nh5 9. h4 f5 10. Nf1 Be7 11. Ke2 c5 12. c3 c4 13. Bc2 Nxe5 14. dxe5 Bxh4 15. g3 Be7 16. g4 Ng7 17. Qh3 h5 18. gxh5 Nxh5 19. Ng3 Nxg3+ 20. Qxg3 Kg7 21. Bd2 Rh8 22. Rag1 Qe8 23. Qxg6+ Qxg6 24. Rxg6+ Kxg6 25. Rxh8 b5 26. Be1 Bb7 27. Rxa8 Bxa8 28. a4 a6 29. axb5 axb5 30. b3 Bc6 31. b4 Be8 32. Kf1 Kh6 33. Bd1 Bh5 34. Bxh5 Kxh5 35. Kg2 Kg4 36. Bf2 Bd8 37. Bg1 Kh5 38. Bf2 Kg6 39. Kh3 Kf7 40. Bh4 Bb6 41. Bf2 Ke8 42. Kg2 Kd7 43. Kf1 Kc7 44. Ke2 Kb7 45. Kd1 Ka7 46. Kc2 Kb7 47. Kd2 Kc8 48. Ke2 Kd8 49. Kf1 Ke8 50. Kg2 Kf7 51. Kh2 Kg6 52. Kg2 Bd8 53. Kh2 Kh5 54. Kg2 Kg4 55. Be1 Bb6 56. Bf2 Ba7 57. Bg1 d4 58. exd4 Kxf4 59. d5 Kxe5 60. dxe6 Kxe6 61. Bxa7 Kd5 62. Kf3 Ke5 63. Bb8+ Kf6 64. Kf4 1-0

[Event "2013 PHCC Championships"]
[Site "Port Huron, MI"]
[Date "2013.03.28"]
[Round "5"]
[White "Boucher, David"]
[Black "Gregg, Alan"]
[Result "0-1"]
[WhiteElo "1439"]
[BlackElo "1950"]
[PlyCount "66"]
[EventDate "2013.03.28"]
[EventType "tourn"]
[EventRounds "15"]

1. e4 c5 2. d4 cxd4 3. c3 d3 4. Bxd3 Nc6 5. Nf3 d6 6. O-O Nf6 7. c4 g6 8. h3 Bg7 9. Nc3 O-O 10. Bg5 h6 11. Be3 Nd7 12. Rc1 Nde5 13. Nxe5 Nxe5 14. Be2 Kh7 15. Qd2 Be6 16. b3 b6 17. Rfd1 f5 18. exf5 gxf5 19. Bh5 Bf7 20. Qe2 Qe8 21. Bxf7 Qxf7 22. f4 Nd7 23. Qd3 Qg6 24. Nd5 Rf7 25. Bd4 e5 26. Be3 Rg8 27. Qd2 Nf6 28. Nxf6+ Bxf6 29. Qf2 Be7 30. Rc2 Rfg7 31. fxe5 dxe5 32. Rd7 f4 33. Bc1 Bc5 0-1

[Event "2013 PHCC Championships"]
[Site "Port Huron, MI"]
[Date "2013.02.14"]
[Round "5"]
[White "Fiedler, Robert"]
[Black "Nowiski, Adam"]
[Result "1-0"]
[WhiteElo "1688"]
[BlackElo "900"]
[PlyCount "69"]
[EventDate "2013.04.18"]
[EventType "tourn"]
[EventRounds "15"]

1. d4 d5 2. c4 c6 3. Nf3 Nf6 4. b3 Bf5 5. Nc3 Na6 6. Ba3 g6 7. e3 Bg7 8. Ne5 O-O 9. Nd3 Ne4 10. Nxe4 Bxe4 11. f3 Bf5 12. Be2 Qa5+ 13. Bb4 Nxb4 14. Qd2 dxc4 15. Nxb4 cxb3 16. O-O bxa2 17. Rxa2 Qc7 18. Rc1 Be6 19. d5 Bd7 20. dxc6 bxc6 21. Rac2 Qb7 22. Nxc6 Bxc6 23. Rxc6 Rac8 24. Ba6 Qd7 25. Qxd7 Rxc6 26. Rxc6 e6 27. Rc8 Rxc8 28. Qxc8+ Bf8 29. g4 Kg7 30. g5 Be7 31. h4 Bd6 32. Bb5 Bg3 33. Be8 Bxh4 34. f4 Be1 35. Qd7 1-0

[Event "2013 PHCC Championships"]
[Site "Port Huron, MI"]
[Date "2013.02.14"]
[Round "5"]
[White "Mariani, Gino"]
[Black "Kulkarni, Atharva"]
[Result "1-0"]
[WhiteElo "1400"]
[BlackElo "900"]
[PlyCount "39"]
[EventDate "2013.04.18"]
[EventType "tourn"]
[EventRounds "15"]

1. e4 d5 2. exd5 Qxd5 3. Nc3 Qe5+ 4. Be2 Nc6 5. Nf3 Qe6 6. O-O Nf6 7. Bb5 Ne4 8. d3 Nd6 9. Re1 Qd7 10. Ne5 Qd8 11. d4 a6 12. Nxc6 bxc6 13. Bd3 Rb8 14. d5 c5 15. Bf4 e5 16. Rxe5+ Kd7 17. Qg4+ f5 18. Bxf5+ Nxf5 19. Qxf5+ Kd6 20. Ne4# 1-0

[Event "2013 PHCC Championships"]
[Site "Port Huron, MI"]
[Date "2013.02.14"]
[Round "5"]
[White "Wingrove, William"]
[Black "Morabito, Matthew"]
[Result "0-1"]
[WhiteElo "1664"]
[BlackElo "1698"]
[PlyCount "42"]
[EventDate "2013.04.18"]
[EventType "tourn"]
[EventRounds "15"]

1. e4 e5 2. Nf3 d6 3. d4 exd4 4. Nxd4 g6 5. Be3 Bg7 6. Nc3 Nf6 7. Qd2 O-O 8. f3 Re8 9. g4 Nfd7 10. h4 Ne5 11. Be2 Nbc6 12. Nb3 Be6 13. Kf2 Bc4 14. Bh6 Bxe2 15. Nxe2 Qf6 16. Rh3 Nxg4+ 17. Kg3 Bxh6 18. Qd3 Nge5 19. Qc3 Bg7 20. h5 Qg5+ 21. Kh2 Ng4+ 0-1

[Event "2013 PHCC Championships"]
[Site "Port Huron, MI"]
[Date "2013.03.07"]
[Round "6"]
[White "Allen, Nathan"]
[Black "Mariani, Gino"]
[Result "0-1"]
[WhiteElo "900"]
[BlackElo "1400"]
[PlyCount "98"]
[EventDate "2013.03.07"]
[EventType "tourn"]
[EventRounds "15"]

1. d4 Nf6 2. Nc3 g6 3. e4 Bg7 4. Bf4 d6 5. e5 Nfd7 6. Nf3 Nb6 7. d5 Bg4 8. h3 Bf5 9. Nh4 Bd7 10. Bb5 dxe5 11. Bg3 a6 12. Bxd7+ Qxd7 13. O-O O-O 14. Nf3 f5 15. Bxe5 Bxe5 16. Nxe5 Qd6 17. Re1 N8d7 18. Nxd7 Nxd7 19. Qe2 Rae8 20. Qe6+ Rf7 21. Qxd6 cxd6 22. b4 b6 23. a4 Rc8 24. Ra3 Rc4 25. b5 a5 26. Re6 Nc5 27. Re3 Rb4 28. g4 fxg4 29. hxg4 Rb2 30. Ra2 Rxa2 31. Nxa2 Kf8 32. Nc1 Rf4 33. Nd3 Rxg4+ 34. Kf1 Ne4 35. f3 Nd2+ 36. Kf2 Rxa4 37. f4 Nc4 38. Rh3 Kg7 39. Ne1 Ra2 40. Rc3 Na3 41. Rc6 Nxb5 42. Rxb6 Nd4 43. Rb7 Kf7 44. Ke3 Nxc2+ 45. Nxc2 Rxc2 46. Kd3 Rh2 47. Ke4 Kf6 48. Ra7 Rh4 49. Rxa5 g5 0-1

[Event "2013 PHCC Championships"]
[Site "Port Huron, MI"]
[Date "2013.02.21"]
[Round "6"]
[White "Broyles, Thomas"]
[Black "Wingrove, William"]
[Result "1-0"]
[WhiteElo "1736"]
[BlackElo "1664"]
[PlyCount "83"]
[EventDate "2013.02.21"]
[EventType "tourn"]
[EventRounds "15"]

1. e4 c5 2. c3 d5 3. Qa4+ Bd7 4. Bb5 dxe4 5. Bxd7+ Qxd7 6. Qxe4 Nf6 7. Qe2 Nc6 8. Nf3 e6 9. O-O Be7 10. d4 cxd4 11. cxd4 O-O 12. Rd1 Rac8 13. Nc3 Nd5 14. Be3 Bf6 15. Rd3 Rfd8 16. Rad1 Ncb4 17. Nxd5 Qxd5 18. Rc3 Nxa2 19. Ra3 Nb4 20. Rxa7 Rc2 21. Rd2 Rdc8 22. Rxc2 Rxc2 23. Ra8+ Bd8 24. Qb5 Nc6 25. Qxd5 exd5 26. Ne5 h6 27. Nxc6 bxc6 28. Rxd8+ Kh7 29. Rb8 g5 30. Kf1 f5 31. g3 Kg6 32. Ke1 f4 33. Kd1 fxg3 34. hxg3 Rc4 35. b3 Rc3 36. Kd2 Rxe3 37. Kxe3 h5 38. Kf3 Kf5 39. Rf8+ Kg6 40. b4 h4 41. gxh4 gxh4 42. Kg4 1-0

[Event "2013 PHCC Championships"]
[Site "Port Huron, MI"]
[Date "2013.02.28"]
[Round "6"]
[White "Kulkarni, Atharva"]
[Black "Boucher, David"]
[Result "0-1"]
[WhiteElo "900"]
[BlackElo "1439"]
[PlyCount "52"]
[EventDate "2013.02.28"]
[EventType "tourn"]
[EventRounds "15"]

1. d4 d5 2. e4 dxe4 3. Bb5+ Bd7 4. Bc4 Nf6 5. f3 e6 6. Bg5 Be7 7. Nh3 exf3 8. O-O fxg2 9. Kxg2 Bc6+ 10. Kg1 Bd5 11. Bb5+ c6 12. Ba4 Nbd7 13. Nf4 Nb6 14. Nc3 Qc7 15. b4 Bxb4 16. Qd3 Bc4 17. Qh3 Bxf1 18. Qxf1 Bxc3 19. Bxc6+ Qxc6 20. Rb1 Bxd4+ 21. Qf2 Bxf2+ 22. Kxf2 Qxc2+ 23. Ne2 Qxb1 24. h4 O-O-O 25. Nc1 Qf5+ 26. Bf4 Qxf4+ 0-1

[Event "2013 PHCC Championships"]
[Site "Port Huron, MI"]
[Date "2013.04.25"]
[Round "6"]
[White "Kulkarni, Atul"]
[Black "Gregg, Alan"]
[Result "0-1"]
[WhiteElo "1548"]
[BlackElo "1950"]
[PlyCount "95"]
[EventDate "2013.04.25"]
[EventType "tourn"]
[EventRounds "15"]

1. d4 d5 2. Nc3 e6 3. Nf3 Nc6 4. g3 Bd6 5. Bg2 h6 6. O-O Nge7 7. e4 dxe4 8. Nxe4 O-O 9. c4 Nf5 10. b3 b6 11. Bb2 Ba6 12. Re1 Bb4 13. Rf1 Qd7 14. a3 Be7 15. Ne5 Nxe5 16. dxe5 Rad8 17. Qxd7 Rxd7 18. Rfd1 Rfd8 19. Rxd7 Rxd7 20. Rc1 Rd3 21. b4 Bb7 22. Nf6+ gxf6 23. Bxb7 fxe5 24. Be4 Rb3 25. Bxe5 Rxa3 26. c5 bxc5 27. bxc5 Ra5 28. g4 Nh4 29. Bg3 Ng6 30. c6 e5 31. Bf5 Nf4 32. Bxf4 exf4 33. Kg2 Kg7 34. Rd1 Kf6 35. Rd7 Bd6 36. Rxd6+ cxd6 37. c7 Rc5 38. c8=Q Rxc8 39. Bxc8 a5 40. Bd7 d5 41. Kf3 Ke5 42. Ke2 Kd4 43. Bc6 Kc4 44. Kd2 d4 45. h4 Kb4 46. g5 hxg5 47. hxg5 a4 48. Be8 0-1

[Event "2013 PHCC Championships"]
[Site "Port Huron, MI"]
[Date "2013.02.21"]
[Round "6"]
[White "Morabito, Matthew"]
[Black "Fiedler, Robert"]
[Result "1-0"]
[WhiteElo "1698"]
[BlackElo "1688"]
[PlyCount "115"]
[EventDate "2013.02.21"]
[EventType "tourn"]
[EventRounds "15"]

1. Nf3 Nf6 2. g3 g6 3. Bg2 Bg7 4. c4 O-O 5. Nc3 d6 6. d4 c6 7. O-O Nbd7 8. e4 b6 9. e5 dxe5 10. Nxe5 Nb8 11. Nxc6 Nxc6 12. Bxc6 Rb8 13. Bf4 Bh3 14. Re1 Rc8 15. Bb7 Rxc4 16. Be5 Nd7 17. Bxg7 Kxg7 18. Qd3 Rc7 19. Qf3 Nf6 20. Ba6 Bg4 21. Qe3 Nd5 22. Qe5+ Nf6 23. Bf1 Kg8 24. Bg2 a6 25. d5 Re8 26. h3 Bc8 27. Rad1 Qd6 28. Qxd6 exd6 29. Rxe8+ Nxe8 30. Ne4 f5 31. Nc3 b5 32. Re1 Kf7 33. a3 Re7 34. Kf1 Rxe1+ 35. Kxe1 Kf6 36. Kd2 Ke5 37. Ke3 g5 38. Ne2 Nc7 39. f4+ gxf4+ 40. Nxf4 Bb7 41. Nd3+ Kf6 42. Nb4 Na8 43. Kd4 Nb6 44. b3 Kg5 45. Bf3 h6 46. h4+ Kf6 47. Nd3 Nd7 48. Be2 Ne5 $4 49. Nxe5 dxe5+ 50. Kc5 Ke7 51. g4 fxg4 52. Bxg4 Kd8 53. Bf5 Bc8 54. Be4 h5 $2 55. Kd6 Bg4 56. Kxe5 Bd1 57. b4 Bb3 58. Bf3 1-0

[Event "2013 PHCC Championships"]
[Site "Port Huron, MI"]
[Date "2013.02.21"]
[Round "6"]
[White "Wilkinson, Stewart"]
[Black "Jones, G. Avery"]
[Result "1-0"]
[WhiteElo "1865"]
[BlackElo "1557"]
[PlyCount "59"]
[EventDate "2013.02.21"]
[EventType "tourn"]
[EventRounds "15"]

1. e4 c6 2. d4 d5 3. e5 Bf5 4. Nf3 Bg4 5. Be2 e6 6. O-O Ne7 7. Nbd2 Ng6 8. Nb3 Nd7 9. Be3 Be7 10. h3 Bf5 11. Ne1 Nh4 12. f4 Be4 13. Bd3 Bxd3 14. Qxd3 Nf5 15. Bf2 h5 16. Nf3 Rh6 17. Kh1 Rg6 18. Nc1 Ng3+ 19. Bxg3 Rxg3 20. Ne2 Rg6 21. f5 Rh6 22. fxe6 Rxe6 23. Qh7 Bf8 24. Qxh5 Rh6 25. Qf5 Qe7 26. Ng5 f6 27. e6 fxg5 28. exd7+ Kd8 29. Qxf8+ Kc7 30. Qxe7 1-0

[Event "2013 PHCC Championships"]
[Site "Port Huron, MI"]
[Date "2013.02.28"]
[Round "7"]
[White "Bedy, Noel"]
[Black "Wilkinson, Stewart"]
[Result "1-0"]
[WhiteElo "1618"]
[BlackElo "1865"]
[PlyCount "87"]
[EventDate "2013.02.28"]
[EventType "tourn"]
[EventRounds "15"]

1. d4 e6 2. Nf3 d5 3. e3 Nf6 4. Bd3 c5 5. c3 Nc6 6. Nbd2 Bd6 7. O-O O-O 8. Qe2 b6 9. dxc5 bxc5 10. e4 dxe4 11. Nxe4 Be7 12. Nxf6+ Bxf6 13. Qe4 g6 14. Bh6 Bb7 15. Bxf8 Kxf8 16. Rfd1 Qe7 17. Qe2 a6 18. Be4 Kg7 19. Rd2 Rd8 20. Rad1 Rxd2 21. Qxd2 Ne5 22. Bxb7 Qxb7 23. Nxe5 Bxe5 24. Qe2 Bf6 25. c4 a5 26. b3 Bd4 27. Rxd4 cxd4 28. Qe5+ Kg8 29. Qxd4 a4 30. Qc3 Qe4 31. Qc1 h5 32. c5 axb3 33. axb3 Qc6 34. b4 h4 35. h3 e5 36. Qd2 Qb5 37. Qd8+ Kg7 38. Qxh4 f6 39. Qe4 Qb8 40. c6 f5 41. Qd5 Qxb4 42. c7 Qe1+ 43. Kh2 Qxf2 44. Qxe5+ 1-0